| 000 | 00867nam a2200229Ia 4500 | ||
|---|---|---|---|
| 001 | 17170 | ||
| 003 | GE_BSU | ||
| 008 | 181216s||||||||xx |||||||||||||| ||und|| | ||
| 040 | _cGE_BSU | ||
| 080 | _a82-93:821.161.1-3 | ||
| 100 | _aპერფილიევა, ანასტასია | ||
| 245 | _aდარტანიანის დაშნა | ||
| 245 | _bმოთხრობა საშ. ასაკის ბავშვთათვის | ||
| 245 | _cთარგმ. რ. ბეროძემ ; ილ.: ბ. ვინოკუროვი. რედ. ლ.გეგელია | ||
| 260 | _aთბილისი | ||
| 260 | _bნაკადული | ||
| 260 | _c1961 | ||
| 300 | _a79გვ. : ილ. ; 21სმ | ||
| 653 | _aდარტანიანის დაშნა | ||
| 653 | _aმოთხრობა | ||
| 942 | _cBK | ||
| 999 |
_c50232 _d50232 |
||